Datum a čas kvízu
33.5
Celkem bodů
Celkový počet nahraných bodů na tomto kvízu bez doplňovacích otázek.
5.
Pořadí na kvízu
Konečné umístění týmu na tomto kvízu.
Zaznamenané odpovědi
| # | Otázka | Odpověď | Body | Výsledky |
|---|---|---|---|---|
| 1. | Bývalý senátor, europoslanec a... | Jaromír Štětina | 0 | |
| 2. | Skotský parlament minulý týden... | o menstruační potřeby | 1 | |
| 3. | V pondělí jsme mohli zaznamena... | Kancelář Blaník | 0 | |
| 4. | Britský maloobchodní řetězec T... | mají různé odstíny podle barev pleti | 0 | |
| 5. | Český profesionální cyklista p... | Leopold König | 0 | |
| 6. | Peníze máme v ruce každý den,... | Česká národní banka | 0 | |
| 7. | Které dvě osobnosti mají jméno... | D | 1 | |
| 8. | Celkem kolikrát je na obou str... | čtyřikrát | 1 | |
| 9. | Kolik Kč činí nominální hodnot... | 2 000 Kč | 1 | |
| 10. | Které z mincí o hodnotě 1 až 5... | všechny | 0 |